The trial of the Chicago 7 / directed and written by Aaron Sorkin ; produced by Stuart M. Besser, Matt Jackson, Marc Platt, Tyler Thompson. (Record no. 20918)

000 -LEADER
fixed length control field 02236nam a22003497a 4500
008 - FIXED-LENGTH DATA ELEMENTS--GENERAL INFORMATION
fixed length control field 250528b xxu||||| |||| 00| 0 eng d
040 ## - CATALOGING SOURCE
Original cataloging agency Cagayan State University
Description conventions RDA
082 ## - DEWEY DECIMAL CLASSIFICATION NUMBER
Classification number 791.4372
Item number T8198 2020
245 ## - TITLE STATEMENT
Title The trial of the Chicago 7 / directed and written by Aaron Sorkin ; produced by Stuart M. Besser, Matt Jackson, Marc Platt, Tyler Thompson.
260 ## - PUBLICATION, DISTRIBUTION, ETC. (IMPRINT)
Place of publication, distribution, etc United States :
Name of publisher, distributor, etc Netflix,
Date of publication, distribution, etc 2020.
300 ## - PHYSICAL DESCRIPTION
Extent 1 videofile, (ca. 130 mins.) :
Other physical details sound, color.
520 ## - SUMMARY, ETC.
Summary, etc In Chicago 1968, the Democratic Party Convention was met with protests from activists like the moderate Students for a Democratic Society led by Tom Hayden and the militant Yippies led by Abbie Hoffman and Jerry Rubin, which led to violent confrontations with the local authorities. As a result, seven of the accused ringleaders are arraigned on charges like Conspiracy by the hostile Nixon administration, including Bobby Seale of the Black Panthers who was not involved in the incident. What follows is an unfair trial presided by the belligerent Judge Hoffman (No relation) and prosecuted by a reluctant but duty-bound Richard Schultz. As their pro bono lawyers face such odds, Hayden and his fellows are frustrated by the Yippies' outrageous antics undermining their defense in defiance of the system even while Seale is denied a chance to defend himself his way. Along the way, the Chicago 7 clash in their political philosophies even as they learn they need each other in this fight.
521 ## - TARGET AUDIENCE NOTE
Target audience note Rated R for language throughout, some violence, bloody images and drug use.
650 ## - SUBJECT ADDED ENTRY--TOPICAL TERM
Topical term or geographic name as entry element Drama.
650 ## - SUBJECT ADDED ENTRY--TOPICAL TERM
Topical term or geographic name as entry element Thriller.
650 ## - SUBJECT ADDED ENTRY--TOPICAL TERM
Topical term or geographic name as entry element History.
700 ## - ADDED ENTRY--PERSONAL NAME
Personal name Abdul-Mateen, Yahya II, star.
700 ## - ADDED ENTRY--PERSONAL NAME
Personal name Cohen, Sacha Baron, star.
700 ## - ADDED ENTRY--PERSONAL NAME
Personal name Flaherty, Daniel, star.
700 ## - ADDED ENTRY--PERSONAL NAME
Personal name Gordon-Levitt, Joseph, star.
700 ## - ADDED ENTRY--PERSONAL NAME
Personal name Keaton, Michael, star.
700 ## - ADDED ENTRY--PERSONAL NAME
Personal name Langella, Frank, star.
700 ## - ADDED ENTRY--PERSONAL NAME
Personal name Lynch, John Carroll, star.
700 ## - ADDED ENTRY--PERSONAL NAME
Personal name Redmayne, Eddie, star.
700 ## - ADDED ENTRY--PERSONAL NAME
Personal name Robbins, Noah, star.
700 ## - ADDED ENTRY--PERSONAL NAME
Personal name Rylance, Mark, star.
700 ## - ADDED ENTRY--PERSONAL NAME
Personal name Sharp, Alex, star.
700 ## - ADDED ENTRY--PERSONAL NAME
Personal name Strong, Jeremy, star.
700 ## - ADDED ENTRY--PERSONAL NAME
Personal name Papamichael, Phedon, cinematographer.
700 ## - ADDED ENTRY--PERSONAL NAME
Personal name Baumgarten, Alan, editor.
942 ## - ADDED ENTRY ELEMENTS (KOHA)
Source of classification or shelving scheme
Item type Audio-Visual Materials
Holdings
Source of acquisition Price effective from Permanent location Date last seen Not for loan Date acquired Source of classification or shelving scheme Koha item type Collection code Shelving location Damaged status Lost status Withdrawn status Current location Full call number
Donation2025-05-28Cagayan State University - Carig Library2025-05-28 2025-05-28 Audio-Visual MaterialsElectronic Media CenterElectronic Media Center   Cagayan State University - Carig Library791.4372 T8198 2020

Cagayan State University University Library, Carig Campus
Tuguegarao City, Cagayan 3500 | www.csucarig.edu.ph

Powered by Koha